00592nam a2200217Ia 4500008004100000020001500041050000800056050001600064100003100080245004400111245003200155250001900187260001800206260002500224260000900249300001600258300001100274650001600285700003900301700003400340170203s9999 xx 000 0 und d a9710871986 a658 b.M266p 2014 aManahan, Antonio Arturo C. aPrinciples of Management - Simplified / cManahan, Toribio, Viray Jr. aFirst Edition. aQuezon City : bNational Book Store. c2014 a174 pages : c26 cm. aManagement. aToribio, Mark Lester David, author aViray, Edilberto Jr., author.